00686 2200229 4500001002100000005001700021008004100038020002200079035002500101040001200126082001200138090002200150100002500172245009600197250001100293260003300304300003200337504003000369650002400399850001200423990002100435YOGYA-0112000000023520150429102109.0 ind  a978-602-98977-0-8 a0010-011200000000235 aYOPDYOG a001.535 aDEP 001.535 Abd B aABDULLAH BADRUZZAMAN aBuku panduan 7 teknik melejitkan fungsi otak /cAbdullah Badruzzaman ; editor Dwi Ratnasari aCet. 1 aYogyakartabAjda Pressc2011 a110 hlm. :bilus. ;c21 cm. aBibliografi : hlm 105-106 aPanduan fungsi otak aYOPDYOG aCB.D.11-2011-943